000 01121nam a22002777a 4500
005 20101206113148.0
008 101206t xxu||||| |||| 00| 0 hin d
010 _aHIN-93209
020 _c300.00
_a9789380458250
035 _aHN-65555
037 _bDBAD/PUB
040 _aDPL
_bHN
082 _a820.8
100 _924598
_aके. वनजा
245 _aचित्रा मुद्गलः
_cके. वनजा
_bएक मूल्यांकन /
246 _aChitra Mudgal:ek Mulyankan
_bby K.Vanja
260 _aनई दिल्ली
_bसामयिक बुक्स
_c2011
270 _bनई दिल्ली
_a3320-21, जटवाड़ा, दरियागंज,एन.एस.मार्ग
_e110002
300 _a192पृ.
_c22सेमी (सजिल्द)
650 _91169
650 _929580
700 _924599
700 _924924
942 _2ddc
_cHN
_mकेवन
_h820.8
999 _c53910
_d53910